Responses for show #3755 - Friday, December 22, 2000

Contestants

[<< previous game]

Rahsaan Footman, a mechanical engineering student from West Covina, California

Richard Kolostian, an attorney from Los Angeles, California

Robin Jones, a technical editor and writer from Urbana, Illinois (whose 2-day cash winnings total $15,401)

[next game >>]

Jeopardy! Round responses

THE 50 STATES
CROSBY, STILLS, NASH & YOUNG
BOOKS ABOUT PRESIDENTS
(Alex: You have to identify the subject of each book.)
SPELL IT: -ABLE OR -IBLE?
(Alex: And in this category, you have to spell it; it'll either end in -able or -ible.)
PLANE TALK
HAPPY HANUKKAH!
(Alex: A celebration of the festival that began last evening.)
    $100 1
Michigan

Richard
    $100 22
Joni Mitchell

Triple Stumper
    $100 13
Ronald Reagan

Robin
    $100 6
D-E-D-U-C-T-I-B-L-E

Rahsaan
    $100 7
John F. Kennedy

Richard
    $100 12
(Rahsaan: What is 9?)

8

RichardRahsaan
    $200 2
Louisiana

Robin
    $200 23
The Byrds

Richard
    $200 16
Jimmy Carter

Richard
    $200 21
P-O-R-T-A-B-L-E

Richard
    $200 8
Hugh Hefner

Robin
    $200 14
Latkes

Robin
    $300 3
Arizona

Richard
    $300 24
Kent State

Richard
    $300 17
Abraham Lincoln

Triple Stumper
    $300 27
(Rahsaan: What is I-N-D-E-L-L-I-B-L-E?)

I-N-D-E-L-I-B-L-E

RobinRahsaan
    $300 9
(Alex: TCB: "Taking Care of Business")

Elvis Presley

Richard
    $300 15
Dreidel

Richard
    $400 4
(Rahsaan: What is Nevada?)

Montana

RobinRahsaan
    $400 25
Melissa Etheridge

Robin
    $400 18
Richard Nixon

Triple Stumper
    $400 28
C-O-N-S-T-A-B-L-E

Robin
    $400 10
Kenny Rogers

Rahsaan
    $400 20
Maccabees

Triple Stumper
    $500 5
(Richard: What is Rhode Island?)

New Hampshire

Richard
Triple Stumper
    $500 30
"CSNY: 2K"

Triple Stumper
    $500 19
Calvin Coolidge

Rahsaan
    $500 29
A-U-D-I-B-L-E

Robin
    $400 11
"The Spirit of St. Louis" (Lindbergh's plane)

Rahsaan
    $500 26
Sukkot

Triple Stumper

Scores at the first commercial break (after clue 13):

Robin Richard Rahsaan
$900 $400 $400

Scores at the end of the Jeopardy! Round:

Robin Richard Rahsaan
$2,700 $1,600 $600

Double Jeopardy! Round responses

U.S. HISTORY
HAMBURGERS
(Alex: Hey, we love it!)
TOP "ING"s
(Alex: Each correct response will begin with the letters "I-N-G".)
MUSTARD
CATS UP
MANETS
    $200 1
(Richard: Who was Chief Joseph?)

Sitting Bull

RichardRahsaan
    $200 16
Nobel Peace Prize

Robin
    $200 6
Ingredients

Robin
    $200 11
Wisconsin

Robin
    $200 17
Mountain lion

Rahsaan
    $200 26
Seine

Rahsaan
    $400 2
Reconstruction

Richard
    $400 22
"Curious George"

Robin
    $400 7
Ingot

Robin
    $400 12
"Pardon me, but do you have any Grey Poupon?"

Rahsaan
    $400 18
Cheshire Cat

Rahsaan
    $400 27
Folies Bergere

Triple Stumper
    $600 3
Neutron bomb

Richard
    $600 23
Richard Wagner

Rahsaan
    $600 8
Ingmar

Robin
    $600 13
French's

Richard
    $1,800 19
"Cat on A Hot Tin Roof"

Rahsaan
    $600 28
Maximilian

Richard
    $800 4
Sacco & Vanzetti

Richard
    $800 24
(less than a minute to go...)

Johannes Brahms

Triple Stumper
    $800 9
(Marty) Ingels

Robin
    $800 14
Horseradish

Robin
    $800 20
Top Cat

Robin
    $800 29
(buzzer sounds)

"Luncheon on the Grass"

Triple Stumper
    $1,200 5
Secretary of State

Richard
    $1000 25
Helmut Schmidt

Richard
    $1000 10
Inglewood

Rahsaan
    $1000 15
Dijon

Robin
    $1000 21
(Rahsaan: What is a tiger shark?)
(Richard: What is a tiger cat?)

Flying Tigers

RichardRahsaan
Triple Stumper

Scores at the end of the Double Jeopardy! Round:

Robin Richard Rahsaan
$8,100 $5,600 $4,400

[wagering suggestions for these scores]

Final Jeopardy! Round responses

FAMOUS NAMES
(Alex: Richard, you get to relax for a week while we enjoy those kids I talked about at the beginning of the program. Happy Holidays, folks--the kids are coming back, Christmas week, here on Jeopardy!)
RahsaanWho is Fellini?
$4,000
RichardWho is Charlie Chaplin?
$5,599
RobinWho is Thalberg?
$3,101
Charlie Chaplin

Final scores:

Robin Richard Rahsaan
$4,999 $11,199 $400
2nd place: Trip to the Aladdin Resort & Casino, Las Vegas New champion: $11,199 3rd place: His & Hers Electric Ecruisers Bikes

Game dynamics:

Coryat scores:

Robin Richard Rahsaan
$8,100 $5,400 $3,300
19 R,
0 W
17 R
(including 1 DD),
3 W
12 R
(including 2 DDs),
4 W

Combined Coryat: $16,800

The J! Archive is created by fans, for fans. The Jeopardy! game show and all elements thereof, including but not limited to copyright and trademark thereto, are the property of Jeopardy Productions, Inc. and are protected under law. This website is not affiliated with, sponsored by, or operated by Jeopardy Productions, Inc. Join the discussion at JBoard.tv.